<?xml version="1.0" encoding="UTF-8"?>
<record
    xmlns:xsi="http://www.w3.org/2001/XMLSchema-instance"
    xsi:schemaLocation="http://www.loc.gov/MARC21/slim http://www.loc.gov/standards/marcxml/schema/MARC21slim.xsd"
    xmlns="http://www.loc.gov/MARC21/slim">

  <leader>02161nam a22002537a 4500</leader>
  <controlfield tag="005">20220111095035.0</controlfield>
  <controlfield tag="008">220110b           ||||| |||| 00| 0 eng d</controlfield>
  <datafield tag="020" ind1=" " ind2=" ">
    <subfield code="a">9788125915409</subfield>
  </datafield>
  <datafield tag="040" ind1=" " ind2=" ">
    <subfield code="c">AL</subfield>
  </datafield>
  <datafield tag="041" ind1=" " ind2=" ">
    <subfield code="a">Eng</subfield>
  </datafield>
  <datafield tag="082" ind1=" " ind2=" ">
    <subfield code="2">23</subfield>
    <subfield code="a">512</subfield>
    <subfield code="b">SINM</subfield>
  </datafield>
  <datafield tag="100" ind1=" " ind2=" ">
    <subfield code="a">Surjeet Singh and others</subfield>
    <subfield code="9">12866</subfield>
  </datafield>
  <datafield tag="245" ind1=" " ind2=" ">
    <subfield code="a">Modern Algebra</subfield>
  </datafield>
  <datafield tag="250" ind1=" " ind2=" ">
    <subfield code="a">Ed 8.</subfield>
  </datafield>
  <datafield tag="260" ind1=" " ind2=" ">
    <subfield code="a">New Delhi</subfield>
    <subfield code="b">Vikas Publishing House Pvt Ltd.</subfield>
    <subfield code="c">2018</subfield>
  </datafield>
  <datafield tag="300" ind1=" " ind2=" ">
    <subfield code="a">xi,579 p.</subfield>
    <subfield code="b">PB</subfield>
    <subfield code="c">21.5x14 cm.</subfield>
  </datafield>
  <datafield tag="365" ind1=" " ind2=" ">
    <subfield code="a">4971</subfield>
    <subfield code="b">&#x20B9;399.20</subfield>
    <subfield code="c">&#x20B9;</subfield>
    <subfield code="d">&#x20B9;499.00</subfield>
    <subfield code="e">20%</subfield>
    <subfield code="f">06-01-2022</subfield>
  </datafield>
  <datafield tag="520" ind1=" " ind2=" ">
    <subfield code="a">For more than thirty years modern algebra has served the student community as a textbook for introductory courses on the subject. The book starts from set theory and covers an advanced course in group theory and ring theory. A detailed study of field theory and its application to geometry is undertaken after a brief and concise account of vector spaces and linear transformations. The last chapter discusses ring with chain conditions and hibert@s famous theorem. The eighth edition is a distinctly improved version of the book incorporating new developments and thinking in the subject. Presentation of the subject matter has been vastly modified. Many results have been re-arranged, and the proofs of many results rewritten. Some more examples have been significant improvements have been made in presenting permutation groups, survey of some groups significant improvements have been made in presenting permutation groups, survey of some groups galois extensions of fields more results have been</subfield>
  </datafield>
  <datafield tag="520" ind1=" " ind2=" ">
    <subfield code="a">Contents
&#x2022; Set Theory &#x2022; Groups &#x2022; Quotient Groups &#x2022; Homomorphisms and Permutations &#x2022; Structure Theory of Groups &#x2022; Solvable Groups and Jordan-Holder Theorem &#x2022; Survey of Some Finite Groups &#x2022; Rings &#x2022; Homomorphisms and Embedding of Rings &#x2022; Polynomial Rings &#x2022; Factorization Theory in Integral Domains &#x2022; Vector Spaces &#x2022; Linear Transformations &#x2022; Fields &#x2022; Galois Theory &#x2022; Rings with Chain Conditions &#x2022; Canonical Forms &#x2022; Bibliography &#x2022; Index
</subfield>
  </datafield>
  <datafield tag="650" ind1=" " ind2=" ">
    <subfield code="a">Modern Algebra</subfield>
    <subfield code="9">12797</subfield>
  </datafield>
  <datafield tag="700" ind1=" " ind2=" ">
    <subfield code="a">SINGH (Surjeet)</subfield>
    <subfield code="9">12798</subfield>
  </datafield>
  <datafield tag="700" ind1=" " ind2=" ">
    <subfield code="a">ZAMEERUDDIN (Qazi)</subfield>
    <subfield code="9">12799</subfield>
  </datafield>
  <datafield tag="942" ind1=" " ind2=" ">
    <subfield code="2">ddc</subfield>
    <subfield code="c">BK</subfield>
  </datafield>
  <datafield tag="999" ind1=" " ind2=" ">
    <subfield code="c">221135</subfield>
    <subfield code="d">221135</subfield>
  </datafield>
  <datafield tag="952" ind1=" " ind2=" ">
    <subfield code="0">0</subfield>
    <subfield code="1">0</subfield>
    <subfield code="2">ddc</subfield>
    <subfield code="4">0</subfield>
    <subfield code="7">0</subfield>
    <subfield code="8">MAT</subfield>
    <subfield code="a">AL</subfield>
    <subfield code="b">AL</subfield>
    <subfield code="d">2022-01-10</subfield>
    <subfield code="e">Biblios Book Point</subfield>
    <subfield code="g">399.00</subfield>
    <subfield code="l">0</subfield>
    <subfield code="o">512 SINM</subfield>
    <subfield code="p">075308</subfield>
    <subfield code="r">2022-01-10 00:00:00</subfield>
    <subfield code="v">499.00</subfield>
    <subfield code="w">2022-01-10</subfield>
    <subfield code="y">BK</subfield>
  </datafield>
</record>
